• 首页
  • 本馆介绍
  • 公告通知
  • 最新文献
  • 馆藏检索
  • 电子资源
  • 读者导购
  • 参考咨询
  • 我的图书馆
  • 登录
  • 详细信息显示
  • 放入我的书架
  • 预约/预借图书
  • 作者相关作品
  • 分类相关作品
  • 丛书相关作品
  • 出版社相关作品

书目信息

  • 表格格式
  • 工作单格式
  • 卡片格式
题名:
物业纠纷处理锦囊
    
 
作者: 丁道勤 撰稿 ;法律出版社专业出版编委会 编
分册:  
出版信息: 北京   法律出版社  2014
页数: 406页
开本: 21cm
丛书名:
单 册:
中图分类: D922.181.4
科图分类:
主题词: 物业管理--民事纠纷--处理--基本知识--中国
电子资源:
ISBN: 978-7-5118-6142-9
000 01173nam0 2200265 450
001 523
005 20140908081136.84
010    @a978-7-5118-6142-9@dCNY32.00
100    @a20140626d2014 em y0chiy50 ea
101 0  @achi
102    @aCN@b110000
105    @ay z 000yy
106    @ar
200 1  @a物业纠纷处理锦囊@AWu Ye Jiu Fen Chu Li Jin Nang@f丁道勤撰稿@FDing Dao Qin Zhuan Gao@g法律出版社专业出版编委会编
205    @a5版
210    @a北京@c法律出版社@d2014
215    @a406页@d21cm
300    @a以案说法纠纷处理锦囊系列 07
330    @a本书以纠纷中常见问题为脉络,以案说法,每个问题包含三大板块:第一大板块从法理和法律的现行规定出发全面分析解答各个问题,让你对每个问题都有个全面的了解和宏观的感受;第二大板块通过案例介绍和案例分析,让你直观地了解到该文在实务中是如何处理;第三大板块通过专家提示和法条链接让你在遇到同样问题时会有个更清晰地认识或预防的准备。
606 0  @a物业管理@x民事纠纷@x处理@x基本知识@y中国
690    @aD922.181.4@v5
701  0 @a丁道勤@ADing Dao Qin@4撰稿
712 02 @a法律出版社专业出版编委会@AFa Lu^ Chu Ban She Zhuan Ye Chu Ban Bian Wei Hui@4编
801  0 @aCN@bTANGWEI@c20140603
905    @b0839632-34@dD922.181.4@e1080=5@f3
    
    物业纠纷处理锦囊/丁道勤撰稿/法律出版社专业出版编委会编.-5版.-北京:法律出版社,2014
    406页;21cm
    以案说法纠纷处理锦囊系列 07
    
    ISBN 978-7-5118-6142-9:CNY32.00
    本书以纠纷中常见问题为脉络,以案说法,每个问题包含三大板块:第一大板块从法理和法律的现行规定出发全面分析解答各个问题,让你对每个问题都有个全面的了解和宏观的感受;第二大板块通过案例介绍和案例分析,让你直观地了解到该文在实务中是如何处理;第三大板块通过专家提示和法条链接让你在遇到同样问题时会有个更清晰地认识或预防的准备。
●
相关链接 在E读中查询图书 在五车中查询图书 在当当中查询图书 在豆瓣中查询图书


正题名:物业纠纷处理锦囊     索取号:D922.181.4/1080=5         预约/预借

序号 登录号 条形码 馆藏地/架位号 状态 备注
1 0839632   208396323   第一样本阅览室/ [索取号:D922.181.4/1080=5] 在馆    
2 0839633   208396332   密集书库-史法系/ [索取号:D922.181.4/1080=5] 在馆    
3 0839634   208396341   第一借阅区/ [索取号:D922.181.4/1080=5] 在馆    
唐山师范学院图书馆 欢迎您!
大连网信软件有限公司© 版权所有